| LEADER | 01235nam a2200217 a 4500 | ||
|---|---|---|---|
| 001 | GR-MES562 | ||
| 008 | 991111s1992 gr 000 0 gre d | ||
| 040 | |a GrPaTEI |b gre |c GR-PaULI | ||
| 245 | 0 | 0 | |a Δυσχέρειες εξόδου της ελληνικής οικονομίας απο την κρίση. |
| 260 | |a Αθήνα : |b Παπαζήση, |c 1992 c1992 | ||
| 300 | |a 278 σελ. | ||
| 650 | 4 | |a Ελλάδα | |
| 650 | 4 | |a Οικονομία | |
| 700 | 1 | |a Δρακάτος, Κωνστ. Γ. | |
| 710 | 0 | |a Παπαζήση | |
| 942 | |2 ddc | ||
| 952 | |0 1 |1 0 |2 ddc |4 0 |6 330_949000000000000_5_ΔΡΑ |7 0 |9 263848 |a MSLG |b MSLG |c BSC |d 2021-01-17 |e 24 |f 0 |g 0.00 |l 0 |o 330.949 5 ΔΡΑ |p 2420000001627 |r 2021-01-17 00:00:00 |t 1 |w 2021-01-17 |y BK15 |x 19991111 0 1 |x GrPaTEI | ||
| 952 | |0 0 |1 0 |2 ddc |4 0 |6 330_949000000000000_5_ΔΡΑ |7 0 |9 263849 |a MSLG |b MSLG |c BSC |d 2021-01-17 |e 24 |f 0 |g 0.00 |l 0 |o 330.949 5 ΔΡΑ |p 2420000001628 |r 2021-01-17 00:00:00 |t 1 |w 2021-01-17 |y BK15 |x 19991111 0 1 |x GrPaTEI | ||
| 952 | |0 0 |1 0 |2 ddc |4 0 |6 330_949000000000000_5_ΔΡΑ |7 0 |9 263850 |a MSLG |b MSLG |c BSC |d 2021-01-17 |e 24 |f 1 |g 0.00 |l 0 |o 330.949 5 ΔΡΑ |p 2420000014823 |r 2021-01-17 00:00:00 |t 1 |w 2021-01-17 |y BK15 |x 19991111 0 1 |x GrPaTEI | ||
| 971 | |a .b25716037 |b 15-04-20 |c 13-09-16 | ||
| 999 | |c 151905 |d 151905 | ||